|
|
|
|
| LEADER |
01570nam a2200385 a 4500 |
| 001 |
000855187 |
| 003 |
CZ BrMZK |
| 005 |
20070717160212.0 |
| 007 |
ta |
| 008 |
070622s1976 xr ai e f 000 0 cze |
| 015 |
|
|
|a cnb000409518
|
| 020 |
|
|
|q (Brož.)
|
| 035 |
|
|
|a (OCoLC)42155438
|
| 040 |
|
|
|a BOA001
|b cze
|
| 043 |
|
|
|a e-xr---
|a e-xr-st
|
| 072 |
|
7 |
|a 904
|x Kulturní památky historického období obecně
|2 Konspekt
|9 8
|
| 080 |
|
|
|a 904
|2 MRF
|
| 080 |
|
|
|a (437.312)
|2 MRF
|
| 080 |
|
|
|a (036)
|2 MRF
|
| 100 |
1 |
|
|a Loyda, Vladimír,
|d 1928-2004
|7 jn20000401659
|4 aut
|
| 245 |
1 |
0 |
|a Průvodce památkami Brandýsa Boleslavi /
|c [text Vladimír Loyda, Iva Kudrnová a Jiří Žalman ; kresby Zdirad Čech, Jiří Skála]
|
| 250 |
|
|
|a 2., upr. a dopl. vyd.
|
| 260 |
|
|
|a V Brandýse nad Labem - Staré Boleslavi :
|b MěstNV :
|b Okresní muzeum Praha-východ,
|c [1976]
|
| 300 |
|
|
|a 21 s., [25] s. obr. příl. :
|b il., erby ;
|c 22 cm
|
| 500 |
|
|
|a 10000 výt.
|
| 650 |
0 |
7 |
|a kulturní památky
|7 ph115033
|z Česko
|2 czenas
|
| 655 |
|
7 |
|a informační publikace
|7 fd132454
|2 czenas
|
| 651 |
|
7 |
|a Brandýs nad Labem-Stará Boleslav (Česko)
|7 ge128810
|2 czenas
|
| 700 |
1 |
|
|a Kudrnová, Iva,
|d 1933-
|7 xx0031918
|4 aut
|
| 700 |
1 |
|
|a Žalman, Jiří,
|d 1944-
|7 jn20020616001
|4 aut
|
| 856 |
4 |
1 |
|u http://www.digitalniknihovna.cz/mzk/uuid/uuid:9ef46cc0-5b44-11e4-bc71-005056827e52
|y Digitalizovaný dokument
|x NDK
|
| 910 |
2 |
|
|a BOA001
|b 2-1188.594
|
| 990 |
|
|
|a BK
|
| 991 |
|
|
|b 200707
|
| 996 |
6 |
|
|b 2610314314
|c 2-1188.594
|l MZK
|r Sklad / do 1 hodiny
|n 4
|p p.v.
|w 000855187
|u 000010
|a 1
|e BOA001
|j MZK50
|s P
|